[Event "POL-chT3 Slaskie"]
[Site "Poland"]
[Date "2008.02.03"]
[Round "1.6"]
[White "Dubiel, Daniel"]
[Black "Trendota, Dawid"]
[Result "0-1"]
[WhiteElo "2035"]
[BlackElo "1944"]
[PlyCount "90"]
[EventDate "2008.02.03"]
[EventType "team-swiss"]
[EventRounds "9"]
[EventCountry "POL"]
[SourceTitle "EXT 2019"]
[Source "ChessBase"]
[SourceDate "2018.10.10"]
[SourceVersion "1"]
[SourceVersionDate "2018.10.10"]
[SourceQuality "1"]

1. e4 c5 2. Nf3 d6 3. d4 cxd4 4. Nxd4 Nf6 5. Nc3 a6 6. Bg5 e6 7. Qd2 b5 8. Bd3 Bb7 9. f4 Be7 10. e5 dxe5 11. fxe5 Nfd7 12. Bxe7 Qxe7 13. Qf4 g5 14. Qe3 Qc5 15. 0-0 Nc6 16. Nce2 Ndxe5 17. Be4 Nxd4 18. Nxd4 Ng4 19. Qd3 Qe5 20. Rfe1 Qxh2+ 21. Kf1 Qf4+ 22. Nf3 Nh2+ 23. Kg1 Nxf3+ 24. Qxf3 Qxf3 25. Bxf3 Bxf3 26. gxf3 Ke7 27. a4 b4 28. a5 Rac8 29. Re2 Rc5 30. Ra4 Rb8 31. Kf2 h5 32. Kg3 Kf6 33. Re4 Rxc2 34. Raxb4 Rxb4 35. Rxb4 Rc5 36. Ra4 Rb5 37. Ra2 Kf5 38. Kf2 g4 39. fxg4+ hxg4 40. Kg3 Kg5 41. Ra4 f5 42. Rd4 Rxa5 43. Rd8 f4+ 44. Kf2 Rb5 45. Rg8+ Kf5 0-1